| 000 | 00917nam a22002657a 4500 | ||
|---|---|---|---|
| 001 | 2046 | ||
| 005 | 20231122152513.0 | ||
| 020 | _a9781405266154 | ||
| 040 |
_aFISKH _beng _cFISKH _dFISKH |
||
| 050 | _aPZ7.S6795 | ||
| 082 | _2813.6 | ||
| 100 | _aSnicker, Lemony | ||
| 245 |
_aThe slippery slope / _cA Series of Unfortunate Events by Lemony Snicket |
||
| 260 |
_aNew York : _bHarperCollins, _c2012 |
||
| 300 |
_a337 pages : _c17 cm |
||
| 490 |
_3A Series of Unfortunate Events _vBook 10 |
||
| 505 | _aZ' | ||
| 520 | _aIn the perilous Mortmain Mountains, Klaus and Violet Baudelaire meet another well-read person, who helps them try to rescue Sunny from the villainous Count Olaf and his henchmen as they all near "the last safe place.". | ||
| 521 |
_a1150 _bLexile |
||
| 521 |
_aZ' _bRaz-Plus |
||
| 650 |
_2accident _afiction |
||
| 650 | _2fall | ||
| 700 |
_aHelquist, Brett _cIllustrator |
||
| 942 |
_2ddc _cBK _n0 |
||
| 999 |
_c2046 _d2046 |
||